Pays qui entourent Rome - Statistiques

Statistiques générales
  • Ce quiz a été pris 23 710 fois
  • Le résultat moyen est 14 sur 17
Statistiques - réponses
Angle Pays % Correct
259 – 297°, 298 – 317° France
99%
317 – 344° Suisse
95%
250 – 259° Espagne
93%
108 – 124° Grèce
90%
10 – 81° Croatie
89%
212 – 244° Algérie
88%
244 – 250° Maroc
86%
185 – 212° Tunisie
86%
0 – 7°, 344 – 357° Autriche
85%
7 – 10° Slovénie
84%
124 – 130° Égypte
81%
88 – 108° Albanie
79%
164 – 166° Malte
79%
130 – 164°, 166 – 185° Libye
78%
297 – 298° Monaco
76%
357 – 0° Saint-Marin
74%
81 – 88° Monténégro
72%
Aucun quiz correspondant
Distribution des résultats
% des personnes avec chaque résultat
Percentile par nombre de réponses
Votre historique - résultats
Vous n’avez pas pris ce quiz